Campak : (Record no. 64248)
[ view plain ]
| 000 -LEADER | |
|---|---|
| fixed length control field | 00933nam a2200313 i 4500 |
| 001 - CONTROL NUMBER | |
| control field | C2-0250954 |
| 003 - CONTROL NUMBER IDENTIFIER | |
| control field | PPAK |
| 005 - DATE AND TIME OF LATEST TRANSACTION | |
| control field | 20230822122249.0 |
| 008 - FIXED-LENGTH DATA ELEMENTS--GENERAL INFORMATION | |
| fixed length control field | 030803s2003 my g | 0 j may d |
| 020 ## - INTERNATIONAL STANDARD BOOK NUMBER | |
| International Standard Book Number | 9836276548 |
| -- | 9789836276544 |
| Qualifying information | paperback |
| 040 ## - CATALOGING SOURCE | |
| Original cataloging agency | PPAK |
| Language of cataloging | eng |
| Transcribing agency | PPAK |
| Description conventions | rda |
| 082 04 - DEWEY DECIMAL CLASSIFICATION NUMBER | |
| Edition number | 23 |
| Classification number | 899.2333 |
| 090 00 - LOCALLY ASSIGNED LC-TYPE CALL NUMBER (OCLC); LOCAL CALL NUMBER (RLIN) | |
| Classification number (OCLC) (R) ; Classification number, CALL (RLIN) (NR) | 899.233 |
| Feature heading | ABD |
| Feature heading | G |
| Classification number (OCLC) (R) ; Classification number, CALL (RLIN) (NR) | 899.233 |
| Feature heading | ABD |
| Feature heading | KAR |
| Classification number (OCLC) (R) ; Classification number, CALL (RLIN) (NR) | 899.233 |
| Feature heading | ABD |
| Feature heading | KK |
| Classification number (OCLC) (R) ; Classification number, CALL (RLIN) (NR) | 899.233 |
| Feature heading | ABD |
| Feature heading | KMI |
| Classification number (OCLC) (R) ; Classification number, CALL (RLIN) (NR) | 899.233 |
| Feature heading | ABD |
| Feature heading | KSS |
| Classification number (OCLC) (R) ; Classification number, CALL (RLIN) (NR) | 899.2333 |
| Feature heading | ABD |
| Feature heading | KWS |
| 100 0# - MAIN ENTRY--PERSONAL NAME | |
| Personal name | Abdul Halim R, |
| Relator term | author. |
| 245 10 - TITLE STATEMENT | |
| Title | Campak : |
| Remainder of title | Kumpulan Cerpen Lima Dekad / |
| Statement of responsibility, etc. | Abdul Halim "R" |
| 264 #1 - PRODUCTION, PUBLICATION, DISTRIBUTION, MANUFACTURE, AND COPYRIGHT NOTICE | |
| Place of production, publication, distribution, manufacture | Kuala Lumpur : |
| Name of producer, publisher, distributor, manufacturer | Dewan Bahasa dan Pustaka, |
| Date of production, publication, distribution, manufacture, or copyright notice | 2003 |
| 300 ## - PHYSICAL DESCRIPTION | |
| Extent | ix, 246 pages ; |
| Dimensions | 19 cm |
| 336 ## - CONTENT TYPE | |
| Source | rdacontent |
| Content type term | text |
| 337 ## - MEDIA TYPE | |
| Source | rdamedia |
| Media type term | unmediated |
| 338 ## - CARRIER TYPE | |
| Source | rdacarrier |
| Carrier type term | volume |
| 650 10 - SUBJECT ADDED ENTRY--TOPICAL TERM | |
| Topical term or geographic name entry element | Short stories, Malay. |
| Topical term or geographic name entry element | Malay fiction |
| 942 ## - ADDED ENTRY ELEMENTS (KOHA) | |
| Koha item type | Book |
| Source of classification or shelving scheme | Dewey Decimal Classification |
| Withdrawn | Not for loan | Current library | Shelving location | Date acquired | Full call number | Barcode | Date last seen | Koha item type | Total Checkouts |
|---|---|---|---|---|---|---|---|---|---|
| Not For Loan | Perpustakaan Alor Setar | Koleksi Kedah | 03/09/2003 | KK 899.233 ABD | A01037203 | 08/05/2018 | Book | ||
| Not For Loan | Perpustakaan Alor Setar | Koleksi Prof. Dr. Muhammad Isa Othman | 19/05/2011 | KMI 899.233 ABD | A00383382 | 08/05/2018 | Book | ||
| Not For Loan | Perpustakaan Alor Setar | Koleksi Shaidun Shaari | 10/09/2012 | KSS 899.233 ABD | A00511014 | 08/05/2018 | Book | ||
| Not For Loan | Perpustakaan Alor Setar | Koleksi Wan Shamsudin | 13/09/2023 | KWS 899.233 ABD | KWS000696 | 13/09/2023 | Book | ||
| Not For Loan | Perpustakaan Awam Sungai Petani | Koleksi Kedah | 03/09/2003 | KK 899.233 ABD | A01037205 | 08/05/2018 | Book | ||
| Not For Loan | Perpustakaan Baling | Koleksi A.Rahmad | 06/07/2004 | KAR 899.233 ABD | A00500019 | 08/05/2018 | Book | ||
| Not For Loan | Perpustakaan Baling | Koleksi Kedah | 03/09/2003 | KK 899.233 ABD | A01037210 | 08/05/2018 | Book | ||
| Not For Loan | Perpustakaan Baling | Koleksi Kedah | 03/09/2003 | KK 899.233 ABD | A01037211 | 08/05/2018 | Book | ||
| Perpustakaan Baling | Pinjaman Dewasa | 03/09/2003 | 899.233 ABD | A01037220 | 08/05/2018 | Book | |||
| Perpustakaan Baling | Pinjaman Dewasa | 03/09/2003 | 899.233 ABD | A01037221 | 08/05/2018 | Book | |||
| Not For Loan | Perpustakaan Kuala Nerang | Koleksi Kedah | 03/09/2003 | KK 899.233 ABD | A01037204 | 08/05/2018 | Book | ||
| Not For Loan | Perpustakaan Kulim | Koleksi Kedah | 03/09/2003 | KK 899.233 ABD | A01037208 | 08/05/2018 | Book | ||
| Not For Loan | Perpustakaan Kulim | Koleksi Kedah | 03/09/2003 | KK 899.233 ABD | A01037209 | 08/05/2018 | Book | ||
| PD15, Kg. Naga, Kepala Batas | Pinjaman Dewasa | 03/12/2003 | 899.233 ABD | A01062670 | 08/05/2018 | Book | |||
| PD39, Felda Bukit Tembaga, Kuala Nerang | Pinjaman Dewasa | 03/12/2003 | 899.233 ABD | A01062671 | 08/05/2018 | Book |